Sociálny fond - tvorba, čerpanie a zdaňovanie príspevkov zo sociálneho fondu

Tvorbu a čerpanie sociálneho fondu upravuje zákon č. 152/1994 Z.z. o sociálnom fonde v znení zákona č. 280/1995 Z.z., zákona č. 375/1996 Z.z. a zákona č.313/2005 Z.z. Povinný prídel zamestnávateľa do sociálneho fondu. Použitie sociálneho fondu. Povinný prídel do sociálneho fondu ako súčasť nákladov...

Full description

Saved in:
Bibliographic Details
Main Author: Lacová, Ľudmila
Format: Book Chapter
Language:Slovak
Subjects:
Tags: Add Tag
No Tags, Be the first to tag this record!

MARC

LEADER 00000naa$a2200000$$$4500
001 0051522
005 20240502071613.6
041 0 |a slo 
044 |a SK 
245 1 0 |a Sociálny fond - tvorba, čerpanie a zdaňovanie príspevkov zo sociálneho fondu  |c Ľudmila Lacová 
520 |a Tvorbu a čerpanie sociálneho fondu upravuje zákon č. 152/1994 Z.z. o sociálnom fonde v znení zákona č. 280/1995 Z.z., zákona č. 375/1996 Z.z. a zákona č.313/2005 Z.z. Povinný prídel zamestnávateľa do sociálneho fondu. Použitie sociálneho fondu. Povinný prídel do sociálneho fondu ako súčasť nákladov ovplyvňujúcich základ dane z príjmov. Účtovanie sociálneho fondu. 
610 2 0 |a fond sociálny 
610 2 0 |a náklady 
610 2 0 |a dane z príjmov 
610 2 0 |a zamestnávatelia 
610 2 0 |a účtovníctvo 
610 2 0 |a účty 
100 1 |a Lacová, Ľudmila